UM Logo

Agri, real estate to suffer from land conversion ban/ (Record no. 8633)

MARC details
000 -LEADER
fixed length control field 00449nam a2200133 4500
008 - FIXED-LENGTH DATA ELEMENTS--GENERAL INFORMATION
fixed length control field 180214b xxu||||| |||| 00| 0 eng d
100 ## - MAIN ENTRY--PERSONAL NAME
9 (RLIN) 26477
Personal name Valencia, Czeriza.
245 ## - TITLE STATEMENT
Title Agri, real estate to suffer from land conversion ban/
Statement of responsibility, etc. Czeriza Valencia and Iris Gonzales.
260 ## - PUBLICATION, DISTRIBUTION, ETC. (IMPRINT)
Place of publication, distribution, etc. Philippines:
Name of publisher, distributor, etc. The Philippine Star,
Date of publication, distribution, etc. c2016.
300 ## - PHYSICAL DESCRIPTION
Extent page C-1.
650 #0 - SUBJECT ADDED ENTRY--TOPICAL TERM
9 (RLIN) 26478
Topical term or geographic name as entry element Agriculture.
700 ## - ADDED ENTRY--PERSONAL NAME
9 (RLIN) 26479
Personal name Gonzales, Iris.
Relator term Author.
942 ## - ADDED ENTRY ELEMENTS (KOHA)
Source of classification or shelving scheme Dewey Decimal Classification
Koha item type Periodicals
Holdings
Withdrawn status Lost status Source of classification or shelving scheme Damaged status Not for loan Collection code Home library Current library Date acquired Total Checkouts Date last seen Price effective from Koha item type Public note
    Dewey Decimal Classification     Periodicals UM Digos College - LIC UM Digos College - LIC 02/14/2018   02/14/2018 02/14/2018 Periodicals Newspaper Clippings